[Event "84th Tata Steel Masters 2022"]
[Site "Wijk aan Zee"]
[Date "2022.01.28"]
[Round "11.4"]
[White "Grandelius, Nils"]
[Black "Esipenko, Andrey"]
[Result "1/2-1/2"]
[WhiteElo "2672"]
[BlackElo "2714"]
[Annotator "TA"]
[PlyCount "74"]
[EventDate "2022.01.15"]
[EventType "tourn"]
[EventCountry "NED"]
[Tiebreak "Direct encounter+Number of black games"]
[SourceTitle "playchess.com"]
[Source "ChessBase"]
[SourceQuality "1"]

{[%evp 18,74,4,10,4,7,4,9,24,31,39,0,17,0,0,0,0,0,-8,0,13,16,27,27,70,56,50,47,
58,38,24,19,21,17,21,0,0,0,0,0,0,0,0,0,33,42,60,37,33,23,24,12,12,0,45,0,10,0,
43]} 1. e4 e5 2. Nf3 Nc6 3. Bb5 a6 4. Ba4 Nf6 5. O-O Be7 6. d3 {[%cal Bd2d3,
Bd3d4][%mdl 32]} b5 7. Bb3 d6 8. c3 O-O 9. h3 $1 {[%mdl 4] is currently
scoring better than 9.Re1.} Na5 10. Bc2 c5 {C55: Two Knights: 4 d3, 4 d4 exd4
5 e5 and Max Lange Attack.} 11. d4 Qc7 12. d5 Nc4 13. b3 Nb6 14. Be3 Bd7 {[#]}
15. Qe2 $146 ({Predecessor:} 15. Nfd2 g6 16. c4 b4 17. Nf3 Nh5 18. Nbd2 a5 19.
Kh2 a4 20. Rc1 axb3 21. axb3 {0-1 (48) Ivic,V (2620)-Berkes,F (2676) Terme
Catez 2021}) 15... Nxe4 16. Bxe4 f5 {Inhibits g4.} 17. c4 fxe4 18. Nfd2 bxc4
19. bxc4 Na4 20. Nxe4 Rab8 (20... Nb6 $11 {might be stronger.}) 21. Nbd2 $14
Bf5 22. f4 exf4 23. Rxf4 Qd7 24. Raf1 Rbe8 25. Qf3 {[%cal Rf4f5]} Bg6 (25... g6
$2 26. g4 Bxe4 27. Nxe4 $18) 26. Qg3 Nb2 {[%cal Ba4b2,Bb2d3,Bd3e5][%mdl 32]}
27. Ng5 Rxf4 28. Bxf4 Bxg5 29. Bxg5 Nd3 30. Rf3 {[%cal Bf1f3,Bf3a3,Ba3b3][%mdl
32]} Ne5 31. Ra3 Qb7 32. Rb3 Qc7 33. Bf4 Qa5 34. Qc3 Qd8 35. Qg3 Qa5 36. Qc3
Qd8 ({Don't do} 36... Qxa2 37. Bxe5 Rxe5 38. Rb6 $14) 37. Qg3 Qa5 {Weighted
Error Value: White=0.07 (flawless) /Black=0.06 (flawless)} 1/2-1/2

[Event "84th Tata Steel Masters 2022"]
[Site "Wijk aan Zee"]
[Date "2022.01.28"]
[Round "11.5"]
[White "Praggnanandhaa R"]
[Black "Caruana, Fabiano"]
[Result "0-1"]
[WhiteElo "2612"]
[BlackElo "2792"]
[Annotator "TA"]
[PlyCount "92"]
[EventDate "2022.01.15"]
[EventType "tourn"]
[EventCountry "NED"]
[Tiebreak "Direct encounter+Number of black games"]
[SourceTitle "playchess.com"]
[Source "ChessBase"]
[SourceQuality "1"]

{[%evp 21,92,0,0,0,18,4,12,4,4,4,4,0,16,0,0,0,13,0,0,0,16,-8,-2,-20,-31,-115,
-60,-47,-56,-64,-75,-112,-103,-120,-120,-125,-127,-128,-137,-250,-248,-234,
-252,-205,-193,-192,-192,-247,-224,-257,-229,-407,-410,-397,-354,-393,-389,
-515,-504,-495,-294,-285,-270,-518,-489,-6089,-578,-6075,-5214,-2200,-703,
-1927,-1512]} 1. d4 Nf6 2. c4 e6 3. Nf3 d5 4. Nc3 c6 5. e3 Nbd7 6. Qc2 Bd6 7.
b3 O-O 8. Be2 {[%cal Bf1e2,Be2d3,Bd3b1][%mdl 32]} b6 9. O-O Bb7 10. Bb2 Qe7 11.
a4 a5 12. Bd3 {[#] D45: Semi-Slav: 5 e3.} Bb4 $1 $146 {[%mdl 8] A top novelty.}
({Predecessor:} 12... Rac8 13. e4 e5 14. Rfe1 dxc4 15. Bxc4 g6 16. Rad1 exd4
17. Nxd4 Ne5 18. h3 Rfd8 {1-0 (40) Ding,L (2791)-Yu,Y (2709) Chess.com INT 2020
}) 13. Rac1 h6 14. Qe2 {The position is equal.} Rad8 15. Rfd1 Rfe8 16. Bb1 Bd6
17. Re1 Bb4 18. Red1 Rc8 19. Ne5 Nxe5 20. dxe5 Nd7 21. Qc2 {White wants to
mate with Qh7+.} Nf8 {Prevents Qh7+.} 22. Ne2 b5 23. Nd4 (23. cxb5 $15 cxb5 24.
Qd3) 23... dxc4 ({Black should try} 23... bxa4 $17 24. bxa4 Ba6 25. cxd5 cxd5)
24. bxc4 $15 bxa4 25. Qxa4 {[%cal Oc4c5]} c5 26. Ne2 {Black keeps a firm grip
on the game.} Red8 {To avoid Rd6} 27. Qc2 {To avoid Bd2} Rxd1+ 28. Rxd1 {[#]}
Rd8 $1 {[%cal Ob7e4]} 29. Rxd8 Qxd8 30. Nc3 {To avoid Be4} (30. Ng3 $17) 30...
Bxc3 $19 31. Bxc3 {[#]} Be4 $40 {[%mdl 640] Black goes for the king.} 32. Qc1
Bxb1 33. Qxb1 a4 {[%cal Ba5a4,Ba4a3,Ba3a2][%mdl 32]} 34. h3 (34. h4 $142) 34...
a3 35. Kh2 Qa8 {aiming for ...a2.} 36. Qb3 (36. Qb6 {was necessary.}) 36... a2
37. Ba1 Qa5 38. Kg3 g5 39. h4 gxh4+ 40. Kxh4 Ng6+ (40... Qe1 $142 41. Qxa2 Qh1+
42. Kg3 h5) 41. Kg3 h5 {...Qe1 is the strong threat.} 42. Qb2 $2 (42. Kh2 {
was the only chance.}) 42... Qd8 {Black is clearly winning.} 43. f4 (43. Kh2
$142 Qh4+ 44. Kg1 Qxc4 45. Kh2) 43... Qh4+ 44. Kf3 Qe1 {( -> ...Nh4+)} 45. Qxa2
Nh4+ 46. Ke4 Qf1 {Weighted Error Value: White=0.65/Black=0.10 (very precise)}
0-1

[Event "84th Tata Steel Masters 2022"]
[Site "Wijk aan Zee"]
[Date "2022.01.28"]
[Round "11.6"]
[White "Duda, Jan-Krzysztof"]
[Black "Shankland, Sam"]
[Result "1/2-1/2"]
[WhiteElo "2760"]
[BlackElo "2708"]
[Annotator "TA"]
[PlyCount "19"]
[EventDate "2022.01.15"]
[EventType "tourn"]
[EventCountry "NED"]
[Tiebreak "Direct encounter+Number of black games"]
[SourceTitle "playchess.com"]
[Source "ChessBase"]
[SourceQuality "1"]

{[%evp 9,19,-3,3,19,19,21,21,7,6,11,20,7]} 1. d4 d5 2. Nf3 Nf6 3. Bf4 e6 4. e3
c5 5. Nbd2 Qb6 {The position is equal.} 6. Rb1 {D02: 1 d4 d5 2 Nf3 sidelines,
including 2...Nf6 3 g3 and 2...Nf6 3 Bf4.} Bd6 $1 {[%mdl 4] outshines the
older 6...Nc6.} 7. Bxd6 Qxd6 {[#]} 8. dxc5 $146 ({Predecessor:} 8. Ne5 Nc6 9.
Bb5 O-O 10. Bxc6 bxc6 11. Nb3 cxd4 12. exd4 Ne4 13. f3 f6 14. Nd3 {1-0 (60) So,
W (2770)-Vidit,S (2726) chess24.com INT 2021}) 8... Qxc5 9. c4 {[%cal Bc2c4,
Bc4d5][%mdl 32]} O-O 10. cxd5 {A rather calm draw.  Weighted Error Value:
White=0.03 (flawless) /Black=0.04 (flawless)} 1/2-1/2

[Event "84th Tata Steel Masters 2022"]
[Site "Wijk aan Zee"]
[Date "2022.01.28"]
[Round "11.7"]
[White "Rapport, Richard"]
[Black "Dubov, Daniil"]
[Result "1-0"]
[WhiteElo "2763"]
[BlackElo "2720"]
[Annotator "TA"]
[PlyCount "43"]
[EventDate "2022.01.15"]
[EventType "tourn"]
[EventCountry "NED"]
[Tiebreak "Direct encounter+Number of black games"]

{[%evp 25,43,26,79,83,62,11,20,-2,31,0,561,554,589,559,1103,1090,1182,1149,
1758,1724]} 1. e4 e6 2. d4 d5 3. e5 c5 4. c3 Nc6 5. Nf3 Bd7 6. a3 Qb6 7. b4
cxd4 8. cxd4 Nge7 9. Be3 Nf5 10. Bd3 Nxe3 11. fxe3 Be7 12. O-O O-O 13. Nc3 f6 (
13... Rac8 $11) 14. exf6 $16 {White is more active. C02: French: Advance
Variation.} Bxf6 {[%cal Rc6d4]} 15. Rc1 (15. Na4 $14 Qd8 16. Nc5) 15... Ne7 $11
{[#]} 16. h4 $146 {The position is equal.} ({Predecessor:} 16. Qd2 Rac8 17. Kh1
Kh8 18. Qe1 Be8 19. Qg3 Bg6 20. Bxg6 Nxg6 21. Qh3 Qa6 22. Rfd1 Qxa3 {½-½ (39)
Schmidt,P (1628)-La,Q (1436) Braunschweig 2019}) 16... h6 17. Bb1 e5 $2 {
[%mdl 8192] [#]} (17... Be8 $11) 18. dxe5 $18 {White is clearly winning.} Qxe3+
19. Kh1 d4 {[%cal Of6h4]} 20. exf6 Rxf6 21. Re1 Qf2 22. Ne4 {Weighted Error
Value: White=0.21 (precise) /Black=1.54} 1-0

[Event "84th Tata Steel Masters 2022"]
[Site "Wijk aan Zee"]
[Date "2022.01.29"]
[Round "12.1"]
[White "Caruana, Fabiano"]
[Black "Carlsen, Magnus"]
[Result "0-1"]
[WhiteElo "2792"]
[BlackElo "2856"]
[Annotator "TA"]
[PlyCount "98"]
[EventDate "2022.01.15"]
[EventType "tourn"]
[EventCountry "NED"]
[Tiebreak "Direct encounter+Number of black games"]
[SourceTitle "playchess.com"]
[Source "ChessBase"]
[SourceQuality "1"]

{[%evp 15,98,12,11,19,19,16,10,0,0,0,0,0,0,0,0,0,0,0,4,6,17,12,30,0,0,0,0,0,0,
-10,0,0,17,-41,0,-10,3,-60,-67,-66,-63,-69,-69,-77,-75,-104,-106,-152,-149,
-145,-133,-145,-135,-129,-118,-138,-125,-151,-137,-157,-157,-169,-164,-155,
-154,-214,-207,-218,-195,-225,-158,-214,-241,-245,-215,-229,-233,-263,-234,
-329,-323,-405,-405,-400,-408]} 1. e4 c5 2. Nf3 Nc6 3. Bb5 g6 4. O-O Bg7 5. c3
Nf6 6. Re1 O-O 7. d4 d5 $1 {[%mdl 4] is recently more successful than 7...cxd4.
} 8. e5 Ne4 9. Be3 {B31: Sicilian: 2...Nc6 3 Bb5 g6.} cxd4 10. cxd4 Qb6 11. Qe2
{The position is equal.} Bd7 {[%cal Oc6e5]} 12. Ba4 Rac8 13. Nc3 Nxc3 14. bxc3
Qd8 {[%cal Oc6d4]} 15. Bb3 {[#]} Na5 $146 ({Predecessor:} 15... Bf5 16. Nh4 Be6
17. Bd2 Na5 18. f4 Nc4 19. Bxc4 Rxc4 20. f5 gxf5 21. Rf1 f4 22. Rxf4 {½-½ 
(44) Brundisch,V (2067)-Taksrud,V (2090) ICCF email 2019}) 16. Rac1 Nxb3 17.
axb3 Qb6 18. Qa2 a5 19. Qa3 Rfe8 20. c4 dxc4 21. bxc4 Qa6 22. c5 Bc6 23. Rb1 a4
24. Rec1 (24. Rb4 $11) 24... Rcd8 (24... b5 $1 $15) 25. Nd2 Qe2 {[%cal Od8d4]}
26. f3 {[#]} ({Better is} 26. Re1 $11 Qh5 27. f3) 26... Rxd4 $1 $15 27. Bxd4
Qxd2 28. Rd1 Qf4 29. Qb4 {Black continues to play with concentration.} e6 30.
Bc3 Qxb4 31. Bxb4 ({White should try} 31. Rxb4 Bf8 32. Bd4) 31... Bxe5 $17 32.
Ba3 Bf6 33. Kf2 Be7 34. Rb6 Rc8 35. Rd2 f6 {[%cal Bf7f6,Bf6e5,Be5e4][%mdl 32]}
36. f4 e5 37. fxe5 fxe5 38. Re2 Rf8+ 39. Ke1 Rf5 40. Rb1 (40. Rd2 $17 {keeps
fighting.}) 40... e4 $19 41. Rc1 Bh4+ 42. g3 Bg5 {Threatens to win with ...Rf3.
} 43. Rb1 (43. Rc4 $17) 43... Rf3 44. Bc1 Bf6 45. Rb6 Rf5 46. Ba3 Kf7 47. Rf2 (
47. Bb4 $142) 47... Rf3 48. Rxf3 exf3 49. Kf1 Bd4 {Weighted Error Value:
White=0.21 (precise) /Black=0.06 (flawless)} 0-1

[Event "84th Tata Steel Masters 2022"]
[Site "Wijk aan Zee"]
[Date "2022.01.29"]
[Round "12.2"]
[White "Esipenko, Andrey"]
[Black "Rapport, Richard"]
[Result "1/2-1/2"]
[WhiteElo "2714"]
[BlackElo "2763"]
[Annotator "TA"]
[PlyCount "71"]
[EventDate "2022.01.15"]
[EventType "tourn"]
[EventCountry "NED"]
[Tiebreak "Direct encounter+Number of black games"]
[SourceTitle "playchess.com"]
[Source "ChessBase"]
[SourceQuality "1"]

{[%evp 9,71,43,33,27,42,19,19,27,17,33,26,28,33,34,25,27,21,29,31,24,30,29,44,
39,36,33,30,33,40,37,33,32,37,47,48,41,77,42,54,52,44,51,57,43,54,66,68,10,10,
10,10,11,12,12,12,12,10,10,10,10,10,10,10,16]} 1. e4 e5 2. Nf3 Nc6 3. Bb5 Nf6
4. d3 Ne7 5. Nc3 c6 6. Bc4 {C65: Ruy Lopez: Berlin Defence (3...Nf6), unusual
lines and 4 0-0 Bc5.} d6 7. O-O h6 8. d4 Qc7 9. Nh4 {[#]} g5 $146 {[#]
Prevents f4.} ({Predecessor:} 9... g6 10. f4 exd4 11. Qxd4 Bg7 12. e5 dxe5 13.
Bxf7+ Kxf7 14. fxe5 Rd8 15. Qf4 Be6 16. exf6 Qxf4 17. Bxf4 Bxf6 {½-½ (35)
Saric,I (2689)-Fedorchuk,S (2626) Rio Achaea 2018}) 10. dxe5 $1 dxe5 {[#]} 11.
Qf3 $1 Bg7 12. Nf5 Bxf5 13. exf5 Rd8 14. Bd3 Ned5 (14... O-O {seems wilder.}
15. Ne4 Ned5 16. a4 a5 17. c3 Rfe8) 15. Nxd5 (15. Ne4 {is more complex.} O-O
16. c3 a5 17. a4 Rfe8 18. Re1) 15... Nxd5 16. Be4 Nf6 17. c3 {To avoid Rd4} O-O
18. h3 Qb6 19. Qe2 Rd7 (19... Nxe4 20. Qxe4 Qb5 21. Be3 $11) 20. a4 Rfd8 {[#]}
21. Be3 $1 Qc7 (21... Qa5 22. Bc2) 22. Qc4 Rd6 ({Much weaker is} 22... Nxe4 23.
Qxe4 Rd5 24. h4 $11) 23. b4 {White is more active.} b6 24. b5 {[%cal Re4c6]}
Nxe4 25. Qxe4 cxb5 26. axb5 Qxc3 27. Rxa7 Qb3 28. Qb7 (28. Rc1 $1 $14) 28... e4
$11 {The position is equal.} 29. Kh2 ({And not} 29. Bxb6 Rd1 30. Qxf7+ (30.
Bxd8 {gets mated.} Rxf1+ 31. Kh2 Be5+ 32. g3 Rxf2+ 33. Kg1 Qxg3+ 34. Kh1 Qh2#)
30... Qxf7 $17) 29... Rf8 30. Qxe4 {Strongly threatening Rb1.} Qxb5 31. Rb1
Qe5+ 32. Qxe5 Bxe5+ 33. g3 Rb8 34. Rb5 Bd4 35. Bxd4 Rxd4 36. Ra3 {Weighted
Error Value: White=0.05 (flawless) /Black=0.03 (flawless)} 1/2-1/2

[Event "84th Tata Steel Masters 2022"]
[Site "Wijk aan Zee"]
[Date "2022.01.29"]
[Round "12.3"]
[White "Vidit, Santosh Gujrathi"]
[Black "Mamedyarov, Shakhriyar"]
[Result "0-1"]
[WhiteElo "2727"]
[BlackElo "2767"]
[Annotator "TA"]
[PlyCount "76"]
[EventDate "2022.01.15"]
[EventType "tourn"]
[EventCountry "NED"]
[Tiebreak "Direct encounter+Number of black games"]
[SourceTitle "playchess.com"]
[Source "ChessBase"]
[SourceQuality "1"]

{[%evp 12,76,27,3,15,22,17,16,14,6,6,0,0,-18,22,14,32,0,-9,0,0,-11,19,20,16,5,
67,4,18,-8,0,-16,7,0,35,22,10,11,28,22,43,-441,-404,-549,-417,-521,-444,-437,
-450,-440,-441,-512,-549,-553,-560,-565,-548,-532,-506,-491,-478,-485,-504,
-483,-484,-1016,-1006]} 1. e4 e5 2. Nf3 Nc6 3. Bc4 Bc5 4. c3 Nf6 5. d3 d6 6.
O-O h6 7. Re1 O-O {C54: Giuoco Piano: 4 c3 Nf6, main lines with 5 d4 and 5 d3.}
8. Nbd2 Bb6 9. h3 Ne7 {The position is equal.} 10. d4 Nc6 {[%cal Re5d4]} 11. a4
{[#] Black must now prevent d5.} exd4 $146 ({Predecessor:} 11... a5 12. Ba2
exd4 13. Nc4 dxc3 14. Nxb6 c2 15. Qxc2 cxb6 16. Bd2 Be6 17. Bxe6 fxe6 {½-½ 
(59) Alekseenko,K (2698)-Caruana,F (2842) Ekaterinburg 2021}) 12. cxd4 d5 (
12... Nxd4 13. Nxd4 Bxd4 14. Nb3 $11) 13. exd5 Nxd5 14. b3 (14. Ne4 $14 {
is superior.}) 14... Be6 $11 (14... Nxd4 15. Ba3 c6 16. Bxd5 (16. Bxf8 Qxf8 17.
a5 Bc5 $16) 16... Qxd5 17. Bxf8 Kxf8 18. a5 Nxf3+ 19. Nxf3 Qxd1 20. Rexd1 $16)
(14... Bxd4 15. Nxd4 Nxd4 16. Ba3 $16) 15. Ne4 Re8 16. Bb2 Na5 17. Ne5 c6 18.
Qf3 f6 (18... Bc7 $11) 19. Nd3 ({White should play} 19. Ng4 $1 $14 Nxc4 20.
bxc4) 19... Bf7 20. Re2 Bc7 21. Rae1 b6 22. Bc1 {[%cal Oc1h6] And now Bxh6!
would win.} Re6 23. Bd2 Nxc4 24. bxc4 Ne7 {[#]} 25. Bxh6 $1 {Hoping for Bf4.}
Qxd4 (25... Ng6 26. Bxg7) 26. Qg4 $2 {[%mdl 8192] Now White is beyond hope.} f5
$19 27. Bxg7 Qxg7 ({Weaker is} 27... fxg4 28. Bxd4 Kf8 {[#]} 29. Be3 $1 $14 (
29. hxg4 Rd8 $11)) 28. Qxg7+ Kxg7 {Black is clearly winning.} 29. Ng5 Rxe2 30.
Rxe2 Ng6 31. Ne6+ Bxe6 32. Rxe6 Rd8 33. Rxc6 Bb8 ({Worse is} 33... Rxd3 34.
Rxc7+ Kf6 35. c5 $17) 34. Ne1 Ne5 35. Re6 Kf7 36. Rh6 Rd1 37. Kf1 Nxc4 {
aiming for ...Bd6.} 38. Rh4 {[#]} (38. Rc6 $142 Ne5 39. Rc3) 38... Ne3+ $1 {
[%mdl 512] Weighted Error Value: White=0.50/Black=0.18 (very precise)} 0-1

[Event "84th Tata Steel Masters 2022"]
[Site "Wijk aan Zee"]
[Date "2022.01.29"]
[Round "12.4"]
[White "Giri, Anish"]
[Black "Grandelius, Nils"]
[Result "1/2-1/2"]
[WhiteElo "2772"]
[BlackElo "2672"]
[Annotator "TA"]
[PlyCount "49"]
[EventDate "2022.01.15"]
[EventType "tourn"]
[EventCountry "NED"]
[Tiebreak "Direct encounter+Number of black games"]
[SourceTitle "playchess.com"]
[Source "ChessBase"]
[SourceQuality "1"]

{[%evp 17,49,20,27,13,37,41,37,35,35,22,37,38,44,47,45,34,68,55,59,21,20,22,25,
21,34,35,20,23,60,46,85,0,-15,-52]} 1. d4 Nf6 2. c4 g6 3. Nf3 Bg7 4. g3 c6 5.
Nc3 d5 6. Qb3 O-O 7. Bg2 dxc4 8. Qxc4 Bf5 9. O-O Nbd7 10. a4 {[#] D78:
Fianchetto Grünfeld: 6 0-0 c6.} Rc8 $146 ({Predecessor:} 10... a5 11. Re1 Ne4
12. Bf4 Qb6 13. Nh4 Nd6 14. Bxd6 Be6 15. Qd3 exd6 16. Nf3 d5 17. e3 Bf5 {
1-0 (56) Grunberg,M (2397)-Dolana,A (2297) Novi Sad 2016}) 11. a5 b5 12. axb6 {
White is slightly better.} axb6 13. Bf4 Be6 14. Qd3 Bf5 15. Qa6 h6 16. Rfd1 Nd5
17. Nxd5 cxd5 18. Qb7 g5 19. Bd2 ({But not} 19. Qxd5 $2 Be6 20. Qe4 Nf6 $19)
19... g4 20. Ne1 e6 21. Bf4 {Black must now prevent Bd6.} Nf6 22. Ra7 Rc4 23.
Bf1 Rb4 {[#]} 24. Qc6 {White is more active.} ({White should try} 24. Rda1 $1
$16) 24... Ne4 $11 ({Don't play} 24... Rxb2 25. Rda1 $14) 25. Nd3 {Weighted
Error Value: White=0.10 (very precise) /Black=0.10 (very precise)} 1/2-1/2

[Event "84th Tata Steel Masters 2022"]
[Site "Wijk aan Zee"]
[Date "2022.01.29"]
[Round "12.5"]
[White "Shankland, Sam"]
[Black "Karjakin, Sergey"]
[Result "1-0"]
[WhiteElo "2708"]
[BlackElo "2743"]
[Annotator "TA"]
[PlyCount "51"]
[EventDate "2022.01.15"]
[EventType "tourn"]
[EventCountry "NED"]
[Tiebreak "Direct encounter+Number of black games"]
[SourceTitle "playchess.com"]
[Source "ChessBase"]
[SourceQuality "1"]

{[%evp 9,51,-2,-20,-8,15,0,0,10,41,33,37,28,31,28,26,43,56,58,68,67,68,59,66,
56,64,52,94,96,86,77,75,92,99,106,101,93,95,85,229,231,380,370,346,328]} 1. d4
Nf6 2. c4 e6 3. Nc3 Bb4 4. f3 c5 5. d5 b5 6. e4 {E20: Nimzo-Indian: 4 g3 and 4
f3.} d6 {is recently more successful than 6...bxc4.} 7. Bd2 a6 8. a4 {The
position is equal.} bxc4 9. Bxc4 Nbd7 10. dxe6 fxe6 11. Bxe6 Ne5 12. Bxc8 Qxc8
13. Bf4 $1 c4 {[#] And now ...Nd3+ would win.} 14. Bxe5 dxe5 15. Nh3 {[#]} (15.
Nge2 Qc5 16. Qc2 Rd8 $17) 15... Bc5 $146 ({Predecessor:} 15... Qc5 16. Nf2
Bxc3+ 17. bxc3 Qe3+ 18. Kf1 Qxc3 19. Rc1 Qa3 20. Qc2 Rc8 21. Qc3 Qxa4 22. Qxe5+
{0-1 (42) Basso,P (2538)-Alsina Leal,D (2500) Cattolica 2021}) 16. Qe2 Rb8 17.
Nf2 Qb7 (17... Nh5 $14 18. Nd5 Bd4) 18. O-O $16 Qxb2 19. Qxc4 Bxf2+ 20. Kh1 Qb3
{[#]} 21. Qc7 ({Not} 21. Qc6+ Kf7 22. Qc7+ (22. Rxf2 $2 Rhc8 $19) 22... Kg6 $17
) 21... Qb6 22. Qxe5+ Kf7 {Threatens to win with ...Bd4.} 23. Nd5 Nxd5 (23...
Rhe8 $16 {might work better.} 24. Qf5 Qa7) 24. Qxd5+ $18 ({Weaker is} 24. exd5
Rhd8 25. Qf5+ Kg8 $17) 24... Ke7 (24... Kf8 {keeps fighting.} 25. Qf5+ Qf6) 25.
Qe5+ Kf7 {Hoping for ...Rhd8.} 26. Rac1 {Weighted Error Value: White=0.02 
(flawless) /Black=0.25 (precise)} 1-0

[Event "84th Tata Steel Masters 2022"]
[Site "Wijk aan Zee"]
[Date "2022.01.29"]
[Round "12.6"]
[White "Duda, Jan-Krzysztof"]
[Black "Van Foreest, Jorden"]
[Result "1/2-1/2"]
[WhiteElo "2760"]
[BlackElo "2702"]
[Annotator "TA"]
[PlyCount "87"]
[EventDate "2022.01.15"]
[EventType "tourn"]
[EventCountry "NED"]
[Tiebreak "Direct encounter+Number of black games"]
[SourceTitle "playchess.com"]
[Source "ChessBase"]
[SourceQuality "1"]

{[%evp 16,87,23,25,24,-4,9,7,11,6,0,5,4,6,4,0,0,0,0,0,0,0,9,7,7,8,14,16,22,9,
14,0,10,0,0,0,18,0,0,0,6,0,2,0,0,0,19,-27,0,-135,-137,-147,-64,-66,-60,-71,-69,
-61,-40,-47,0,0,0,0,0,0,0,0,0,0,0,0,0,0]} 1. d4 d5 2. c4 c6 3. Nf3 Nf6 4. Nc3
e6 5. Bg5 h6 6. Bxf6 Qxf6 7. g3 Nd7 8. Bg2 dxc4 9. O-O Bb4 {D43: Semi-Slav: 5
Bg5 h6.} 10. Qc2 {[%mdl 1024] White has compensation.} Qe7 11. a3 {[#]} Bd6
$146 ({Predecessor:} 11... Bxc3 12. Qxc3 O-O 13. Qxc4 e5 14. e3 e4 15. Nd2 Nf6
16. Qc5 Re8 17. b4 Bg4 18. Qxe7 Rxe7 {1-0 (43) Feibert,F (2211)-Kennel,C (2239)
Mehlingen 1999}) 12. Nd2 Nb6 13. Nce4 e5 $1 14. Nxc4 Nxc4 15. Qxc4 exd4 16.
Nxd6+ Qxd6 17. Rfd1 Be6 18. Qa4 O-O 19. Rxd4 Qe5 {[%cal Oe6b3]} 20. e3 Rfd8 21.
Rad1 Rxd4 22. Rxd4 Qc7 23. h3 Qb6 24. Rb4 Qc7 25. Rd4 Qb6 26. Rd2 a5 27. Qh4
Re8 {[%cal Ba8e8,Be8d8,Bd8d7][%mdl 32] Inhibits Qe7.} 28. Kh2 Kf8 29. e4 f6 30.
Qf4 Rd8 31. Re2 (31. Rxd8+ $142 Qxd8 32. e5) 31... Qb5 32. Qc7 Rd7 $17 33. Qb8+
{[#]} Kf7 (33... Ke7 $1 $17 34. Rc2 Qd3) 34. Bf3 $15 Qd3 $1 35. Qf4 g5 36. Bh5+
Kg7 (36... Ke7 $5 {[%cal Rg5f4]} 37. Qc1 (37. Qb8 Bf7 $17) 37... Bf7 38. Qc5+
Qd6 39. Qxd6+ Rxd6 40. Bxf7 Kxf7 $15) 37. Qb8 g4 (37... Bf7 $15 {should be
considered.} 38. Bg4 h5 39. Bxd7 Qxe2) 38. Re1 {The position is equal.} Qd2 39.
Rf1 Bc4 40. Qe8 Bxf1 41. Qg6+ Kh8 42. Qe8+ Kg7 43. Qg6+ Kh8 44. Qe8+ {Weighted
Error Value: White=0.12 (very precise) /Black=0.06 (flawless)} 1/2-1/2

[Event "84th Tata Steel Masters 2022"]
[Site "Wijk aan Zee"]
[Date "2022.01.29"]
[Round "12.7"]
[White "Dubov, Daniil"]
[Black "Praggnanandhaa R"]
[Result "0-1"]
[WhiteElo "2720"]
[BlackElo "2612"]
[Annotator "TA"]
[PlyCount "86"]
[EventDate "2022.01.15"]
[EventType "tourn"]
[EventCountry "NED"]
[Tiebreak "Direct encounter+Number of black games"]

{[%evp 18,86,-11,-14,0,0,0,0,0,0,4,-33,-24,-13,-25,-35,-37,-41,-45,-53,-41,-53,
-26,-75,-47,-95,-100,-84,-92,-102,-99,-102,-102,-140,-47,-30,-39,-76,-25,-46,
-16,-178,-174,-335,-343,-319,-335,-401,-389,-484,-500,-488,-425,-579,-537,-584,
-568,-579,-580,-631,-614,-701,-697,-877,-857,-29989,-29990,-29991,-29992,
-29992,-29993]} 1. d4 Nf6 2. c4 c5 3. d5 e6 4. Nc3 exd5 5. cxd5 d6 6. g3 g6 7.
Bg2 Bg7 8. e4 O-O 9. Nge2 a6 10. a4 Qc7 $5 {[%mdl 4] A promising side line.
A60: Modern Benoni: Early Divergences.} 11. O-O Nbd7 12. h3 Rb8 {The position
is equal.} 13. a5 Re8 {[#]} 14. Qc2 $146 ({Predecessor:} 14. Kh2 b5 15. axb6
Rxb6 16. f4 Nb8 17. Qc2 Bd7 18. f5 Bb5 19. g4 Nfd7 20. g5 {1-0 (52) Aperia,J 
(1893)-Akdag,D (2095) Reykjavik 2008}) 14... b5 15. axb6 $1 Qxb6 16. Rb1 Qb3
17. Qxb3 Rxb3 18. Bf4 Ne5 19. Nc1 Rb8 20. Rd1 (20. Bxe5 $11 {is more
appropriate.} Rxe5 21. Nd3) 20... Nfd7 {Black is more active.} 21. Nd3 (21. b3
$15) 21... Nxd3 $17 22. Rxd3 Ne5 23. Rdd1 h6 24. Bf1 g5 25. Be3 Nf3+ (25... Rb4
$17 {aiming for ...f5.} 26. g4 Bd7 27. Bxa6 Reb8) 26. Kg2 $15 Nd4 27. f3 Nc2 (
27... Rb6 $17) 28. Bf2 Bd4 29. Bxd4 $2 {This costs White the game.} (29. Rd2 $1
$11 {and White has nothing to worry.} Ne3+ 30. Bxe3 Bxe3 31. Rc2) 29... cxd4
$19 30. Rdc1 $2 (30. Kf2 dxc3 31. bxc3) 30... Ne3+ (30... dxc3 31. Rxc2 f5 32.
Bd3 $16) 31. Kf2 Nxf1 ({Less strong is} 31... dxc3 32. Kxe3 cxb2 33. Rc2 $16)
32. Kxf1 dxc3 33. Rxc3 Bxh3+ 34. Kf2 Rec8 {[#] Strongly threatening ...Rxc3.}
35. Ra3 Rc2+ 36. Ke3 Bc8 37. b4 Rc4 38. Rab3 Bd7 39. g4 Rc2 40. Kd3 Rbc8 {
[#] ( -> ...Bb5+)} 41. e5 Bb5+ {Black mates.} 42. Ke4 Re2+ 43. Re3 Rc4+ {
Weighted Error Value: White=0.42/Black=0.11 (very precise)} 0-1